000 00921cam a2200301Ja 4500
003 data
005 20260322212049.0
008 data
010 _a90004825
020 _a0813810833
020 _a9780813810836
040 _aDLC
_cDLC
_dCIN
043 _an-us---
050 0 0 _aE169
_b.W64 1990
082 0 0 _a917.304/91
_220
092 _a917.304 W64 1990
100 1 _aWilliamson, Ellen.
245 1 0 _aWhen we went first class /
_cEllen Williamson.
250 _a1st Iowa heritage collection ed.
260 _aAmes, Iowa :
_bIowa State University Press,
_c1990.
300 _axii, 250 p. ;
_c22 cm.
440 0 _aIowa heritage collection.
500 _aReprint. Originally published: Garden City, N.Y. : Doubleday, 1977.
600 1 0 _aWilliamson, Ellen
_xTravel
_zUnited States.
651 0 _aUnited States
_xDescription and travel.
651 0 _aUnited States
_xSocial life and customs
_y1918-1945.
001 data
999 _c1168
_d1168